|
|
|
|
| LEADER |
00000nam0a2200000 4500 |
| 001 |
251132 |
| 005 |
20231101232628.0 |
| 020 |
|
|
|a RU
|b 89-15468
|
| 035 |
|
|
|a (RuTPU)RU\TPU\book\273394
|
| 090 |
|
|
|a 251132
|
| 100 |
|
|
|a 20140219d1988 k a0rusy5003 ca
|
| 101 |
0 |
|
|a rus
|
| 102 |
|
|
|a BY
|
| 105 |
|
|
|a a z 001zy
|
| 200 |
1 |
|
|a Персональные ЭВМ в интегрированных АСУ
|e сборник научных трудов
|f под ред. Е. И. Велесько, В. А. Павлечко
|
| 210 |
|
|
|a Минск
|c НПО "Центрсистем"
|d 1988
|
| 215 |
|
|
|a 131 с.
|c ил.
|
| 320 |
|
|
|a Библиогр. в конце ст.
|
| 606 |
1 |
|
|a Автоматизированные системы планирования и управления
|2 stltpush
|3 (RuTPU)RU\TPU\subj\615
|9 29488
|
| 610 |
1 |
|
|a вычислительные машины э
|
| 610 |
1 |
|
|a рабочие места
|
| 610 |
1 |
|
|a персональные вычислительные машины
|
| 610 |
1 |
|
|a автоматизированные рабочие места
|
| 610 |
1 |
|
|a проектирование
|
| 610 |
1 |
|
|a информационные системы
|
| 610 |
1 |
|
|a проектирование
|
| 610 |
1 |
|
|a ЭВМ
|
| 610 |
1 |
|
|a технологические средства
|
| 675 |
|
|
|a 658.5.011.56:681.3
|z rus
|
| 686 |
|
|
|a 06.75
|2 rugasnti
|
| 702 |
|
1 |
|a Велесько
|b Е. И.
|4 340
|
| 702 |
|
1 |
|a Павлечко
|b В. А.
|4 340
|
| 801 |
|
0 |
|a RU
|b RuMRKP
|c 19960705
|g psbo
|
| 801 |
|
1 |
|a RU
|b 63413507
|c 20140219
|
| 801 |
|
2 |
|a RU
|b 63413507
|c 20140221
|g RCR
|
| 942 |
|
|
|c BK
|